Raj to swaraj: (Record no. 12074)

MARC details
000 -LEADER
fixed length control field 00749 a2200205 4500
010 ## - LIBRARY OF CONGRESS CONTROL NUMBER
LC control number ENG-90110
020 ## - INTERNATIONAL STANDARD BOOK NUMBER
International Standard Book Number 0230634060
Terms of availability 275.00
035 ## - SYSTEM CONTROL NUMBER
System control number EN-73643
037 ## - SOURCE OF ACQUISITION
Source of stock number/acquisition DBAD / PUB
082 14 - DEWEY DECIMAL CLASSIFICATION NUMBER
Classification number 325.30954
090 ## - LOCALLY ASSIGNED LC-TYPE CALL NUMBER (OCLC); LOCAL CALL NUMBER (OCLC)
-- 12430
-- 12430
100 1# - MAIN ENTRY--PERSONAL NAME
Personal name Pradhan, Ram Chandra
245 1# - TITLE STATEMENT
Title Raj to swaraj:
Statement of responsibility, etc by Ram Chandra Pradhan
Remainder of title a textbook on colonialism and nationalism in India/
260 ## - PUBLICATION, DISTRIBUTION, ETC. (IMPRINT)
Place of publication, distribution, etc New Delhi
Name of publisher, distributor, etc Macmillan India
Date of publication, distribution, etc 2008
270 ## - ADDRESS
Address 2/10, Ansari Road, Daryaganj,
City New Delhi
Postal code 110002
State or province Delhi
300 ## - PHYSICAL DESCRIPTION
Extent xii, 463p.
Dimensions 24 cm (pbk)
500 ## - GENERAL NOTE
General note Includes bibliographical references & index.
942 ## - ADDED ENTRY ELEMENTS (KOHA)
Institution code [OBSOLETE] dpl
Koha item type English Books
Call number prefix 325.30954 / PRA
Holdings
Withdrawn status Lost status Source of classification or shelving scheme Damaged status Not for loan Collection code Home library Current library Source of acquisition Cost, normal purchase price Total Checkouts Full call number Barcode Date last seen Copy number Uniform Resource Identifier Cost, replacement price Price effective from Koha item type
    Dewey Decimal Classification   Not For Loan Non-fiction D.B.Act.Division D.B.Act.Division DBAD/PUB 275.00   325.30954 EN-73643 15/09/2008 1 13228 275.00 15/09/2008 English Books

© Delhi Public Library
Hit Counter
free hit counter